Lloyd's list Law Reports(1923 vol.14): Hilary sittings. / (Record no. 3198)
[ view plain ]
| 000 -LEADER | |
|---|---|
| fixed length control field | 00453nam a22001457a 4500 |
| 008 - FIXED-LENGTH DATA ELEMENTS--GENERAL INFORMATION | |
| fixed length control field | 140730b xxu||||| |||| 00| 0 eng d |
| 050 ## - LIBRARY OF CONGRESS CALL NUMBER | |
| Classification number | KD1815.A2.L57(1923 vol.14) |
| 245 ## - TITLE STATEMENT | |
| Title | Lloyd's list Law Reports(1923 vol.14): Hilary sittings. / |
| Statement of responsibility, etc. | edited by J.A. Edwards |
| 260 ## - PUBLICATION, DISTRIBUTION, ETC. | |
| Place of publication, distribution, etc. | London: |
| Name of publisher, distributor, etc. | Lloyd's, |
| Date of publication, distribution, etc. | 1923. |
| 300 ## - PHYSICAL DESCRIPTION | |
| Extent | ix, 609p.: |
| Dimensions | 24cm. |
| 440 ## - SERIES STATEMENT/ADDED ENTRY--TITLE | |
| Name of part/section of a work | Hilary sittings 1923 |
| Volume/sequential designation | Vol. 14 |
| 500 ## - GENERAL NOTE | |
| General note | Includes index |
| 800 ## - SERIES ADDED ENTRY--PERSONAL NAME | |
| Personal name | Edwards,J.A. |
| 942 ## - ADDED ENTRY ELEMENTS (KOHA) | |
| Source of classification or shelving scheme | Library of Congress Classification |
| Koha item type | Books |
| Withdrawn status | Lost status | Source of classification or shelving scheme | Damaged status | Not for loan | Home library | Current library | Shelving location | Date acquired | Total Checkouts | Full call number | Barcode | Date last seen | Price effective from | Koha item type |
|---|---|---|---|---|---|---|---|---|---|---|---|---|---|---|
| Library of Congress Classification | WISCONSIN INTERNATIONAL UNIVERSITY COLLEGE, GHANA - MAIN LIBRARY | WISCONSIN INTERNATIONAL UNIVERSITY COLLEGE, GHANA - MAIN LIBRARY | Law Library | 30/07/2014 | KD1815.A2.L57(1923 vol.14) | 1328/317/14 | 30/07/2014 | 30/07/2014 | Books |
